Tulonamulok sarkar aru rajniti (Record no. 777)

MARC details
000 -LEADER
fixed length control field 00526cam a2200193ua 4500
008 - FIXED-LENGTH DATA ELEMENTS--GENERAL INFORMATION
fixed length control field 110421n ii |||gr||||Z||||||asm
040 ## - CATALOGING SOURCE
Transcribing agency MAIN
082 ## - DEWEY DECIMAL CLASSIFICATION NUMBER
Classification number 320.3
245 1# - TITLE STATEMENT
Title Tulonamulok sarkar aru rajniti
Statement of responsibility, etc. by Kripesh Chandra Paul
250 ## - EDITION STATEMENT
Edition statement 3rd.
260 ## - PUBLICATION, DISTRIBUTION, ETC.
Place of publication, distribution, etc. Guwahati:
Name of publisher, distributor, etc. Arun prokashan,996.
300 ## - PHYSICAL DESCRIPTION
Extent xiii, 436p.:
Dimensions 40cm.
700 ## - ADDED ENTRY--PERSONAL NAME
Personal name Paul, Kripesh Chandra.,
700 ## - ADDED ENTRY--PERSONAL NAME
Personal name Nayak, Protul Chandra.,
Relator term
942 ## - ADDED ENTRY ELEMENTS (KOHA)
Koha item type Books
653 ## - INDEX TERM--UNCONTROLLED
Uncontrolled term Political science
653 ## - INDEX TERM--UNCONTROLLED
Uncontrolled term Tulonamulok sarkar aru rajniti
Holdings
Withdrawn status Lost status Damaged status Not for loan Home library Current library Shelving location Date acquired Total Checkouts Full call number Barcode Date last seen Date last checked out Copy number Price effective from Koha item type
        Central Library, Naharkatiya College Central Library, Naharkatiya College   19/09/2020 4 320.3 | PAU 16623 18/03/2021 24/02/2021 2 19/09/2020 Books
        Central Library, Naharkatiya College Central Library, Naharkatiya College   19/09/2020   320.3 | PAU 420 19/09/2020   1 19/09/2020 Books

Naharkatiya College © 2020. All rights reserved.

Powered By